000 00607nam a2200229Ia 4500
003 OSt
005 20220926041704.0
006 a|||||r|||| 00| 0
007 ta
008 220923b |||||||| |||| 00| 0 eng d
037 _cGeneral Book
040 _aRTL
_cRTL
_beng
041 _2eng
_aeng
082 _aXM:Zg, J3
100 _aSurridge B J
_9345242
245 0 _aManual of co-operative law and practice
260 _c1953
650 _aCoopertaive Economics
700 _a Digby Margaret
942 _hXM:Zg, J3
_cGB
_2CC
999 _c667818
_d667818